Paesi vincitori dell'Eurovision Song Contest - Statistics

Statistiche generali
  • Questo quiz è stato fatto 232 volte
  • Il punteggio medio è 23 su 27
Statistiche sulle risposte
Vittorie Nazione Anni % Corretto
Italia 1964, 1990, 2021
100%
Francia 1958, 1960, 1962, 1969, 1977
99%
6 Svezia 1974, 1984, 1991, 1999, 2012, 2015
98%
1 Portogallo 2017
96%
Russia 2008
96%
Spagna 1968, 1969
96%
3 Ucraina 2004, 2016, 2022
95%
Germania 1982, 2010
94%
Norvegia 1985, 1995, 2009
94%
Regno Unito 1967, 1969, 1976, 1981, 1997
94%
Svizzera 1956, 1988
94%
Finlandia 2006
92%
5 Paesi Bassi 1957, 1959, 1969, 1975, 2019
92%
Grecia 2005
91%
7 Irlanda 1970, 1980, 1987, 1992, 1993, 1994, 1996
90%
2 Austria 1966, 2014
88%
Belgio 1986
84%
Danimarca 1963, 2000, 2013
83%
Estonia 2001
82%
Lettonia 2002
81%
Lussemburgo 1961, 1965, 1972, 1973, 1983
80%
4 Israele 1978, 1979, 1998, 2018
78%
Serbia 2007
77%
Turchia 2003
71%
Azerbaigian 2011
50%
Principato di Monaco 1971
48%
Jugoslavia 1989
33%
Nessun quiz corrispondente trovato
Distribuzione punteggi
Percentuale di utenti per punteggio
Percentile per numero di risposta
I tuoi punteggi nel tempo
Non hai fatto questo quiz